| 000 | 00347 a2200157 4500 | ||
|---|---|---|---|
| 001 | 15301 | ||
| 020 | _a9788589059305 | ||
| 040 | _cAnchieta - Aquarius | ||
| 100 | _aKnittel, Débora | ||
| 240 | 1 | 0 |
_aSaíra sete cores _lpor |
| 245 | 1 | 0 | _aSaíra sete cores |
| 300 | _a34 | ||
| 362 | 0 | _a2010 | |
| 650 | 4 | _aLiteratura infanto-juvenil | |
| 942 | _cBK | ||
| 999 |
_c15301 _d15301 |
||